Statistics for UNDERTALE fanmade au's

Click here to take the quiz!

General Stats

  • This quiz has been taken 733 times
  • The average score is 6 of 9

Answer Stats

HintAnswer% Correct
character switchunderswap
94%
originalundertale
90%
artyinktale
79%
deep spaceoutertale
78%
evil & good swapoverunderfell
78%
deathreapertale
64%
not quite completeerrortale
54%
genocideaftertale
51%
meowundercat
26%

Score Distribution

Percentile by Number Answered

Percent of People with Each Score

Your Score History

You have not taken this quiz